Periodic Table Quiz - Match Symbol With Element - Statistics

General Stats
  • This quiz has been taken 346 times
  • The average score is 17 of 19
Answer Stats
Hint Answer % Correct
Li Lithium
96%
H Hydrogen
95%
Kr Krypton
95%
N Nitrogen
95%
O Oxygen
95%
Bi Bismuth
94%
B Boron
94%
C Carbon
94%
Cl Chlorine
94%
Th Thorium
94%
Si Silicon
93%
Yb Ytterbium
93%
Ti Titanium
92%
Na Sodium
91%
Y Yttrium
88%
Au Gold
85%
S Sulfur
83%
Hg Mercury
79%
Ag Silver
76%
No matching quizzes found
Score Distribution
Percent of People with Each Score
Percentile by Number Answered
Your Score History
You have not taken this quiz